000 02491cam a2200313 a 4500
999 _c1610
_d1610
001 503628
003 CoMeUDC
005 20230116151827.0
008 890718s1975 sp r 00010 spa d
020 _a9789563921489
040 _aCO-BoBLA
_bspa
_cCO-UdeC
041 1 _aspa
_hita
082 0 4 _a347
_bB565
100 _aBetti, Emilio
_d1890-1968.
_92171
245 1 0 _aInterpretación de la ley y de los actos jurídicos /
_cEmilio Betti, Paolo Gallo, Arsul José Vásquez Pérez, Carlos Antonio Agurto Gonzáles.
260 _aArgentina :
_bGrupo editorial Ibañez,
_bEdiciones Olejnik,
_c2018.
300 _a518 p. ;
_c24 cm.
440 _aBiblioteca de derecho privado
_92172
505 _aTeoría general de la interpretación jurídica -- La interpretación en la vida del derecho -- Nexo entre reconstrucción y desarrollo integrador... De la normal. Eficiencia evolutiva de la interpretación jurídica -- Interpretación e integración -- Interpretación y discrecionalidad -- Interpretación analógica -- Límites y exclusión de la interpretación analógica -- Interpretación auténtica -- Individualización normativa del precepto jurídico -- Disciplina legal de la interpretación jurídica -- Dogmática de la interpretación jurídica: interpretación de la ley y de los actos jurídicos -- Clasificación de la interpretación jurídica según el objeto -- A) Interpretación de la ley. Sentido de la ley: crítica del dogma de la "voluntad" legislativa. Contenido normativo y ratio IURIS. Unilateridad de las diversas tendencias interpretativas -- Momento lógico y momento teleológico en la interpretación de la ley. Fundamento de la valoración comparativa de los intereses -- Deficiencia de la disciplina legislativa: criterios de integración. Principios generales del derecho -- Interpretación de normas consuetudinarias -- B) Interpretación del acto administrativo -- A) Interpretación de la sentencia -- D) Interpretación del negocio de derecho privado -- E) Interpretación del tratado internacional.
534 _pTítulo original. :
_tInterpretazione della legge e degli atti giuridici (Teoria generale e dogmatica).
546 _aEspañol.
650 0 _aDerecho privado
_91871
650 0 _aInterpretación jurídica
_92175
700 _aGallo, Paolo
_epresentación
_92173
700 _aVásquez Pérez, Arsul José
_eprólogo
_92174
700 _aAgurto Gonzáles, Carlos Antonio
_91635
_eeditor
942 _2ddc
_cBK
949 _an
_bn